LEADER 01401nam--2200397---450- 001 990002435440203316 005 20091217112138.0 010 $a88-13-25635-3 035 $a000243544 035 $aUSA01000243544 035 $a(ALEPH)000243544USA01 035 $a000243544 100 $a20050614d2004----km-y0itaa50------ba 101 0 $aita 102 $aIT 105 $ay---z---001yy 200 1 $a<> subfornitura nel diritto internazionale privato comunitario$fPaola Piroddi 210 $aPadova$cCEDAM$d2004 215 $aXVI, 441 p.$d24 cm 225 2 $aStudi e pubblicazioni della Rivista di diritto internazionale privato e processuale$v58 410 0$12001$aStudi e pubblicazioni della Rivista di diritto internazionale privato e processuale$v26 454 1 $12001 461 1$1001------$12001 606 0 $aSubcontratto di fornitura$xDiritto internazionale privato 676 $a340.922 700 1$aPIRODDI,$bPaola$0573191 801 0$aIT$bsalbc$gISBD 912 $a990002435440203316 951 $aXXIII.3. Coll. 2/ 46 (COLL ZZ 58)$b45543 G.$cXXIII.3. Coll. 2/ 46 (COLL ZZ)$d00130848 959 $aBK 969 $aGIU 979 $aIANNONE$b90$c20050614$lUSA01$h1415 979 $aFIORELLA$b90$c20070521$lUSA01$h1121 979 $aRSIAV3$b90$c20091217$lUSA01$h1121 996 $aSubfornitura nel diritto internazionale privato comunitario$91055728 997 $aUNISA LEADER 01171nam0-22003971i-450- 001 990005536800203316 005 20050719120000.0 035 $a000553680 035 $aUSA01000553680 035 $a(ALEPH)000553680USA01 035 $a000553680 100 $a20050719d1974-------|0itac50------ba 101 $aita 102 $aIT 105 $a|||| ||||| 200 1 $a<> fertilizzanti fluidi nella moderna agricoltura$fEmilio Zanini 210 $aBologna$cEdagricole$dc1974 215 $a75 p.$cill.$d20 cm. 225 2$aUniversale Edagricole$v85 410 1$12001$aUniversale Edagricole$v85 606 $aFertilizzanti$2FI 620 $dBologna 676 $a631.8$cConcimazione$v21 700 1$aZANINI,$bEmilio$0614352 712 $aEdagricole 801 $aIT$bSOL$c20120104 912 $a990005536800203316 950 $aDIP.TO SCIENZE ECONOMICHE - (SA)$dDS 600 631.8 ZAN$e1150 DISES 951 $a600 631.8 ZAN$b1150 DISES 959 $aBK 969 $aDISES 979 $c20121027$lUSA01$h1532 979 $c20121027$lUSA01$h1613 996 $aFertilizzanti fluidi nella moderna agricoltura$91130775 997 $aUNISA NUM $aUSA15856 LEADER 01534nam a2200409 i 4500 001 991001125119707536 005 20020507183724.0 008 950907s1992 sz ||| | eng 020 $a3764325526 035 $ab10804377-39ule_inst 035 $aLE01307426$9ExL 040 $aDip.to Matematica$beng 082 0 $a510 084 $aAMS 01A55 084 $aAMS 03-03 084 $aAMS 08-03 084 $aAMS 11-03 084 $aAMS 60-03 100 1 $aKolmogorov, Andrej Nikolaevic$0535252 245 10$aMathematics of the 19th century :$bmathematical logic, algebra, number theory, probability theory /$cedited by A. N. Kolmogorov, A. P. Yushkevich 250 $aEngl. ed 260 $aBasel ; Boston ; Berlin :$bBirkhauser,$c1992 300 $a308 p. ;$c24 cm. 500 $aOrig. ed. - Moskva : Nauka, c1978. 500 $aTrad. of: Matematika XIX veka : Matematicheskaya logika, Algebra, Teoriya chisel, Teoriya veroyatnostei 650 4$aAlgebraic systems-hystory 650 4$aMathematical logic-history 650 4$aMathematics-history-19th century 650 4$aNumber theory-history 650 4$aProbability theory-history 700 1 $aYushkevich, A.P. 907 $a.b10804377$b21-09-06$c28-06-02 912 $a991001125119707536 945 $aLE013 01A KOL11 V.I (1992)$cV. 1$g1$i2013000035338$lle013$o-$pE0.00$q-$rl$s- $t0$u0$v0$w0$x0$y.i10908808$z28-06-02 996 $aMathematics of the 19th century$9925853 997 $aUNISALENTO 998 $ale013$b01-01-95$cm$da $e-$feng$gsz $h0$i1